| 000 | 00888nam a2200229Ii 4500 | ||
|---|---|---|---|
| 003 | JO-AjNU | ||
| 008 | 230605s9999||||xx |||||||||||||| ||und|| | ||
| 017 | _a2010/1655 | ||
| 020 | _a978-977-5675699 | ||
| 040 |
_aJO-AjNU _bara _erda _cJO-AjNU |
||
| 041 | _aara | ||
| 050 | 1 | 4 | _aHD57.7. M52 2010 |
| 100 | 3 |
_aالمنظمة العربية للتنمية الإدارية, _eauthor _952027 |
|
| 245 | 0 | 0 | _aتنمية المهارات الابداعية لقادة المنظمات العامة والخاصة |
| 264 | 3 | 1 | _aالقاهرة: المنظمة العربية للتنمية الادارية، 2010 |
| 300 | _a268ص | ||
| 336 |
_atext _btxt _2rdacontent |
||
| 337 |
_aunmediated _bn _2rdamedia |
||
| 338 |
_avolume _bnc _2rdacarrier |
||
| 490 | 0 | _aاعمال مؤتمرات | |
| 650 | 4 |
_a القادة الإداريون -التدريب الاداري - تدريب _952028 |
|
| 999 |
_aA23022 _c26590 _d26590 |
||